[Event "22nd Hogeschool Zeeland 2018"]
[Site "Vlissingen"]
[Date "2018.08.06"]
[Round "4"]
[White "Romanishin, Oleg M"]
[Black "Vedder, Richard"]
[Result "1-0"]
[WhiteElo "2441"]
[BlackElo "2284"]
[Annotator "TA"]
[PlyCount "86"]
[EventDate "2018.08.04"]
[EventType "swiss"]
[EventCountry "NED"]
[SourceTitle "playchess.com"]
[Source "ChessBase"]
[SourceQuality "1"]

{[%evp 23,86,7,10,13,20,8,56,54,51,0,106,9,16,0,128,130,175,198,195,189,177,131,134,130,131,127,187,172,287,268,320,280,660,508,477,486,448,270,304,304,308,284,396,303,299,286,285,276,582,562,536,401,1366,591,587,588,583,576,575,545,1086,1028,1175,1074,5322]} 1. Nf3 Nf6 2. g3 g6 3. Bg2 Bg7 4. d4 d5 5. c4 c6 6. cxd5 cxd5 7. Ne5 O-O 8. Nc3 e6 9. O-O Nfd7 10. Nf3 Nc6 11. Bf4 Qb6 12. Na4 {D79: Fianchetto Grünfeld: Symmetrical Variation (6 0-0 c6 7 cxd5 cxd5)} Qa5 {LiveBook: 5 Games} 13. a3 b5 14. Nc3 {The position is equal.} Qb6 {[%cal Rc6d4]} 15. e4 Nf6 $146 ({Predecessor:} 15... dxe4 16. Nxe4 Bb7 17. Nd6 Rad8 18. a4 Ba6 19. Re1 Nxd4 {0-1 (39) Wen,Y (2581)-Yu,L (2380) China 2014}) 16. Bd6 (16. Be3 $14) 16... dxe4 {[#]} (16... Nxe4 $11 {remains equal.} 17. Nxe4 (17. Bxf8 Kxf8 18. Nxe4 dxe4 $14) 17... dxe4 18. Bxf8 Kxf8) 17. Bxf8 (17. Bc5 $1 $16 {[%cal Rc5b6]} exf3 18. Qxf3 Nxd4 19. Bxd4 (19. Bxb6 Nxf3+ 20. Bxf3 Nd5 $11) 19... Qxd4 20. Qxa8) 17... Kxf8 $11 18. Ne5 Bb7 (18... Nxd4 $11 19. Re1 Bb7 20. Bxe4 (20. Nxe4 Rd8 $11) 20... Rd8 21. Bxb7 Qxb7) 19. Bxe4 $16 Rd8 20. Bxc6 Bxc6 21. Nxc6 Qxc6 22. Qe2 a6 23. Rfd1 h5 24. Rac1 Qb6 (24... Qb7 $16 25. h3 Kg8) 25. Qf3 $18 Nd5 (25... b4 {might work better.}) 26. Nxd5 Rxd5 27. Rc5 Rxd4 $2 (27... Qd8 28. Rxd5 Qxd5 29. Qxd5 exd5) 28. Rc8+ Ke7 29. Rxd4 Bxd4 {[%mdl 4096] Endgame KQR-KQB} 30. Rc6 Qd8 31. Rxa6 Qc7 32. Rc6 Qe5 33. b4 g5 34. Rc2 g4 35. Qf4 Qe1+ $2 (35... Qxf4 36. gxf4 Kd6) 36. Kg2 {[#] Threatening mate with Rc7+.} Be5 37. Qg5+ f6 (37... Kd7 $142 38. Rc1 (38. Qxh5 Qe4+ 39. Kg1 Qe1+ 40. Kg2 Qe4+ 41. Kg1 Qe1+ 42. Kg2 $11) 38... Qe2 39. Qxh5 Ke8) 38. Qe3 (38. Qg7+ $142 Kd6 39. Qb7) 38... Qxe3 39. fxe3 Kd6 40. Kf2 f5 41. Ke2 h4 42. gxh4 {[%cal Bg3h4,Bh4h5][%mdl 32]} Bxh2 43. h5 Kd5 {Precision: White = 72%, Black = 26%.} 1-0

[Event "22nd Hogeschool Zeeland 2018"]
[Site "Vlissingen"]
[Date "2018.08.06"]
[Round "4"]
[White "Warmerdam, Max"]
[Black "Frayna, Janelle Mae"]
[Result "1-0"]
[WhiteElo "2421"]
[BlackElo "2278"]
[Annotator "TA"]
[PlyCount "75"]
[EventDate "2018.08.04"]
[EventType "swiss"]
[EventCountry "NED"]
[SourceTitle "playchess.com"]
[Source "ChessBase"]
[SourceQuality "1"]

{[%evp 11,75,49,59,52,58,62,71,46,58,61,60,41,77,72,84,86,93,56,67,47,58,27,93,50,51,61,210,92,98,84,97,86,283,280,284,283,298,281,353,295,345,313,331,227,233,241,393,384,395,386,385,364,494,484,647,639,695,592,707,572,550,484,637,600,851,525]} 1. e4 e6 2. d4 d5 3. Nd2 Be7 4. Ngf3 c5 (4... Nf6 5. Bd3 dxe4 6. Nxe4 Nbd7 7. O-O Nxe4 8. Bxe4 Nf6 9. Bd3 O-O 10. Qe2 Bd7 11. Rd1 h6 12. b3 a5 13. c4 a4 14. Bb2 Qc8 15. Ne5 Rd8 16. Bc2 Be8 17. Rab1 axb3 18. axb3 {0-1 (32) Kravtsiv,M (2672)-Bacrot,E (2725) Riadh 2017}) 5. exd5 Qxd5 6. Bc4 {C03: French Tarrasch: Unusual Black 3rd moves} Qd8 {LiveBook: 4 Games} 7. dxc5 Nf6 $146 ({Predecessor:} 7... Bxc5 8. O-O Nf6 9. Qe2 O-O 10. Nb3 Be7 11. Bf4 Nc6 12. Rad1 {1-0 (65) Gonzalez Vidal,Y (2512)-Bermejo Martinez,J (2267) La Roda 2010}) 8. Qe2 {White is slightly better.} Bxc5 9. Nb3 Be7 10. Bf4 O-O 11. Rd1 Nbd7 12. O-O Qe8 13. Rfe1 Nb6 14. Bb5 Bd7 15. Bxd7 Nfxd7 16. Nfd4 a6 (16... Nf6 $11) 17. Rd3 Bb4 18. c3 {[%cal Bc2c3,Bc3b4][%mdl 32]} Nd5 ({Better is} 18... Be7 $1 $14) 19. Bh6 (19. Bg3 $1 $18 Bc5 20. Nf5 $1 {[%mdl 512]}) 19... gxh6 $16 20. cxb4 Kh8 21. Qd2 $40 {[%mdl 128] White is out for blood.} Qe7 $2 {[#]} (21... Qd8 $16) 22. Nxe6 $1 $18 ({Worse is} 22. Qxh6 Qxb4 23. Nc2 Qc4 $14) 22... fxe6 23. Rxd5 $1 Nf6 24. Rd6 e5 25. h3 Rg8 26. Nc5 Rg6 27. f3 Rag8 28. Re2 b6 $2 (28... a5 29. Re6 (29. bxa5 Nh5 $16) 29... Qc7) 29. Rxb6 Ne4 30. Qd7 ({Not} 30. fxe4 Rxb6 31. Rf2 Rd6 $11) 30... Qxd7 31. Nxd7 Ng3 32. Rxe5 {White is clearly winning.} R6g7 33. Nf6 Rd8 {[#]} 34. Rd6 $1 {[%mdl 512]} Rc8 (34... Rxd6 35. Re8+) 35. Rc5 Rf8 36. Nh5 Ne2+ 37. Kf2 Re7 38. Rd2 {Precision: White = 57%, Black = 29%.} 1-0

[Event "22nd Hogeschool Zeeland 2018"]
[Site "Vlissingen"]
[Date "2018.08.06"]
[Round "4"]
[White "Van Delft, Merijn"]
[Black "Ojas Kulkarni"]
[Result "1/2-1/2"]
[WhiteElo "2395"]
[BlackElo "2256"]
[Annotator "NA"]
[PlyCount "39"]
[EventDate "2018.08.04"]
[EventType "swiss"]
[EventCountry "NED"]
[SourceTitle "playchess.com"]
[Source "ChessBase"]
[SourceQuality "1"]
[TimeControl "40/5400+30:1800+30"]

1. e4 {[%emt 0:00:00]} e5 {[%emt 0:00:00]} 2. Nf3 {[%emt 0:00:00]} Nc6 {[%emt 0:00:00]} 3. Bb5 {[%emt 0:00:00]} a6 {[%emt 0:00:00]} 4. Ba4 {[%emt 0:00:00]} d6 {[%emt 0:00:00]} 5. c3 {[%emt 0:02:32]} Bd7 {[%emt 0:01:45]} 6. d4 {[%emt 0:00:35]} g6 {[%emt 0:02:17]} 7. O-O {[%emt 0:00:19]} Bg7 {[%emt 0:00:05]} 8. Re1 {[%emt 0:07:17]} Nge7 {[%emt 0:02:37]} 9. h3 {[%emt 0:09:59]} O-O {[%emt 0:00:27]} 10. a3 {[%emt 0:02:05]} Qe8 {[%emt 0:03:55]} 11. Bb3 {[%emt 0:01:24]} h6 {[%emt 0:02:56]} 12. dxe5 {[%emt 0:13:58]} dxe5 {[%emt 0:01:57]} 13. Nbd2 {[%emt 0:00:16]} Rd8 {[%emt 0:05:15]} 14. Qe2 {[%emt 0:01:15]} Nc8 {[%emt 0:12:24]} 15. Nc4 {[%emt 0:01:59]} Be6 {[%emt 0:00:49]} 16. Ba2 {[%emt 0:00:28]} Nd6 {[%emt 0:00:47]} 17. Nxd6 {[%emt 0:01:06]} Rxd6 {[%emt 0:00:11]} 18. Be3 {[%emt 0:00:33]} Bxa2 {[%emt 0:00:23]} 19. Rxa2 {[%emt 0:00:13]} Qe6 {[%emt 0:00:13]} 20. Raa1 {[%emt 0:08:24]} 1/2-1/2

[Event "22nd Hogeschool Zeeland 2018"]
[Site "Vlissingen"]
[Date "2018.08.06"]
[Round "4"]
[White "Timmermans, Mark"]
[Black "Lopez-Rojas, Jeffrey"]
[Result "1-0"]
[WhiteElo "2383"]
[BlackElo "2156"]
[Annotator "RC"]
[PlyCount "121"]
[EventDate "2018.08.04"]
[EventType "swiss"]
[EventCountry "NED"]
[SourceTitle "playchess.com"]
[Source "ChessBase"]
[SourceQuality "1"]
[TimeControl "40/5400+30:1800+30"]

1. e4 {[%emt 0:00:00]} g6 {[%emt 0:00:29]} 2. d4 {[%emt 0:00:00]} Bg7 {[%emt 0:00:06]} 3. Nc3 {[%emt 0:00:05]} d6 {[%emt 0:00:08]} 4. Be3 {[%emt 0:00:24]} a6 {[%emt 0:00:11]} 5. h4 {[%emt 0:01:28]} h6 {[%emt 0:02:03]} 6. h5 {[%emt 0:01:01]} g5 {[%emt 0:00:49]} 7. Qd2 {[%emt 0:00:37]} b5 {[%emt 0:00:30]} 8. f4 {[%emt 0:00:45]} gxf4 {[%emt 0:03:05]} 9. Bxf4 {[%emt 0:00:16]} Nf6 {[%emt 0:02:11]} 10. Bd3 {[%emt 0:13:41]} Ng4 {[%emt 0:21:19]} 11. Nf3 {[%emt 0:11:22]} e5 {[%emt 0:09:32]} 12. dxe5 {[%emt 0:01:47]} dxe5 {[%emt 0:02:48]} 13. Bg3 {[%emt 0:00:10]} c6 {[%emt 0:05:21]} 14. Nd1 {[%emt 0:08:50]} Be6 {[%emt 0:06:07]} 15. Nf2 {[%emt 0:00:24]} Nd7 {[%emt 0:03:23]} 16. Nxg4 {[%emt 0:08:59]} Bxg4 {[%emt 0:00:32]} 17. Be2 {[%emt 0:00:09]} Qe7 {[%emt 0:08:07]} 18. Nh4 {[%emt 0:00:38]} Be6 {[%emt 0:00:33]} 19. Nf5 {[%emt 0:02:02]} Bxf5 {[%emt 0:01:14]} 20. exf5 {[%emt 0:00:15]} Rg8 {[%emt 0:17:50]} 21. Rd1 {[%emt 0:08:49]} Bf8 {[%emt 0:02:40]} 22. Bh4 {[%emt 0:04:21]} f6 {[%emt 0:00:25]} 23. O-O {[%emt 0:05:08]} Nb6 {[%emt 0:00:57]} 24. Bf3 {[%emt 0:01:49]} Kf7 {[%emt 0:01:22]} 25. Bf2 {[%emt 0:01:50]} Qc7 {[%emt 0:02:15]} 26. Qa5 {[%emt 0:06:58]} Rb8 {[%emt 0:01:27]} 27. Qxa6 {[%emt 0:00:56]} Kg7 {[%emt 0:03:30]} 28. Rd3 {[%emt 0:03:59]} Kh8 {[%emt 0:01:15]} 29. Rfd1 {[%emt 0:00:08]} c5 {[%emt 0:00:58]} 30. Qxb5 {[%emt 0:02:34]} Nd5 {[%emt 0:01:28]} 31. Qc4 {[%emt 0:00:36]} Nf4 {[%emt 0:01:00]} 32. Rd7 {[%emt 0:00:05]} Qb6 {[%emt 0:00:24]} 33. Bh4 {[%emt 0:01:16]} Nh3+ {[%emt 0:01:18]} 34. Kh2 {[%emt 0:00:43]} Ng5 {[%emt 0:00:11]} 35. Bd5 {[%emt 0:00:18]} Rg7 {[%emt 0:00:56]} 36. Rxg7 {[%emt 0:00:36]} Bxg7 {[%emt 0:00:18]} 37. b3 {[%emt 0:00:30]} Qa7 {[%emt 0:00:37]} 38. Bf2 {[%emt 0:00:23]} Bf8 {[%emt 0:00:24]} 39. a4 {[%emt 0:00:05]} Qd7 {[%emt 0:01:01]} 40. Qg4 {[%emt 0:00:48]} Qe8 {[%emt 0:00:38]} 41. Bc4 {[%emt 0:30:50]} Rb7 {[%emt 0:01:42]} 42. a5 {[%emt 0:00:00]} Rg7 {[%emt 0:00:07]} 43. Qe2 {[%emt 0:00:00]} Ne4 {[%emt 0:16:26]} 44. Be1 {[%emt 0:00:00]} Nd6 {[%emt 0:01:18]} 45. Be6 {[%emt 0:00:00]} Qb8 {[%emt 0:01:55]} 46. Bh4 {[%emt 0:00:00]} Be7 {[%emt 0:00:28]} 47. Qd2 {[%emt 0:00:00]} Kh7 {[%emt 0:00:53]} 48. Ra1 {[%emt 0:04:56]} Rg4 {[%emt 0:01:27]} 49. Ra4 {[%emt 0:01:33]} e4 {[%emt 0:03:30]} 50. Kh3 {[%emt 0:00:03]} Rg7 {[%emt 0:03:29]} 51. a6 {[%emt 0:03:39]} Qa7 {[%emt 0:00:35]} 52. Bg3 {[%emt 0:02:07]} Qa8 {[%emt 0:01:34]} 53. Qd5 {[%emt 0:01:27]} Qe8 {[%emt 0:00:20]} 54. Qd1 {[%emt 0:00:55]} Nb5 {[%emt 0:02:28]} 55. Be1 {[%emt 0:04:54]} Nd4 {[%emt 0:01:08]} 56. a7 {[%emt 0:00:49]} Nf3 {[%emt 0:01:18]} 57. g4 {[%emt 0:00:36]} Qb5 {[%emt 0:00:30]} 58. Bc4 {[%emt 0:00:25]} Ng1+ {[%emt 0:00:00]} 59. Kg2 {[%emt 0:00:33]} Qe8 {[%emt 0:00:29]} 60. a8=Q {[%emt 0:00:16]} Qxh5 {[%emt 0:00:02]} 61. Qg8+ {[%emt 0:00:07]} 1-0

[Event "22nd Hogeschool Zeeland 2018"]
[Site "Vlissingen"]
[Date "2018.08.06"]
[Round "4"]
[White "Miciano, John Marvin"]
[Black "Zeng, Chongsheng"]
[Result "1-0"]
[WhiteElo "2381"]
[BlackElo "2539"]
[Annotator "TA"]
[PlyCount "79"]
[EventDate "2018.08.04"]
[EventType "swiss"]
[EventCountry "NED"]
[SourceTitle "playchess.com"]
[Source "ChessBase"]
[SourceQuality "1"]

{[%evp 18,79,29,4,23,6,9,0,42,37,44,33,53,44,57,0,0,-20,-19,-12,-11,-18,-21,-17,-11,-33,-26,-35,-25,-22,-5,-5,0,0,0,0,0,0,0,0,0,-18,-16,-36,0,0,0,15,154,52,253,252,251,249,495,488,588,572,1688,1545,1561,1541,29998,-29990]} 1. e4 c6 2. d4 d5 3. Nc3 dxe4 4. Nxe4 Bf5 5. Ng3 Bg6 6. Nf3 e6 7. h4 h6 8. Ne5 Bh7 9. Qh5 Qc7 {B19: Classical Caro-Kann: 4...Bf5 main line} 10. Bd3 {LiveBook: 4 Games} (10. Bc4 Nf6 11. Qe2 Bd6 12. c3 O-O 13. Nh5 Nxh5 14. Qxh5 c5 15. Be3 cxd4 16. Bxd4 Nc6 17. Nxc6 Qxc6 {½-½ (27) Vavulin,M (2604)-Svane,R (2570) Moscow 2017}) 10... Nf6 11. Qe2 Bxd3 {The position is equal.} 12. Nxd3 Na6 $146 ({Predecessor:} 12... Nbd7 13. Bd2 Bd6 14. Nf5 O-O-O 15. Nxd6+ Qxd6 16. c3 Qd5 17. f3 {½-½ (26) Benda,H (2271)-Kovacevic,B (2473) Austria 2015}) 13. Bf4 Qa5+ 14. c3 Be7 15. O-O O-O 16. c4 ({White should play} 16. Be5 $14) 16... Rad8 $11 17. Bd2 Qc7 18. Bc3 b5 {White must now prevent ...b4.} 19. b3 bxc4 20. bxc4 c5 21. dxc5 Nxc5 22. Nxc5 Qxc5 23. Rac1 Rd7 24. Bxf6 gxf6 25. Rfd1 Rxd1+ 26. Rxd1 f5 27. Nh5 $1 Rb8 28. g3 Rb4 29. Rc1 Qd4 30. Nf4 a5 31. Qd3 Qa7 32. Qc3 {Threatens to win with Nh5.} Qc7 (32... Bc5 $11 {remains equal.}) 33. a3 (33. Nh5 $16 {[%csl Gh5][%cal Rc3g7]} e5 34. c5) 33... Ra4 $2 {[#]} (33... Rb6 $1 $14) 34. Nh5 $1 $40 {[%csl Gh5][%cal Rc3g7][%mdl 128] Black is in trouble.} e5 {[#]} 35. Qc2 $1 {[%cal Rc2a4]} Rxa3 $2 (35... Qc6 {was called for.} 36. Qxf5 Qe6) 36. Qxf5 Qd6 37. c5 Qd2 38. Qg4+ Kf8 39. Rd1 Qa2 40. Qe2 $4 {[%mdl 40960] Precision: White = 55%, Black = 33%. . Loss on Time!?} (40. Qc8+ {avoids the disaster.} Bd8 41. Qxd8#) 1-0

[Event "22nd Hogeschool Zeeland 2018"]
[Site "Vlissingen"]
[Date "2018.08.06"]
[Round "4"]
[White "Grooten, Herman"]
[Black "Elgersma, Onno"]
[Result "1-0"]
[WhiteElo "2374"]
[BlackElo "2171"]
[Annotator "TA"]
[PlyCount "91"]
[EventDate "2018.08.04"]
[EventType "swiss"]
[EventCountry "NED"]
[SourceTitle "playchess.com"]
[Source "ChessBase"]
[SourceQuality "1"]

{[%evp 24,91,27,24,25,10,12,3,10,-22,13,-64,-44,-52,-40,-91,-85,-256,-234,-274,-273,-263,-263,-312,-312,-296,-264,-290,-245,-285,-231,-230,-218,-237,-236,-221,-204,-212,-185,-286,-170,-160,-56,-50,-44,-42,-44,-52,-21,-22,45,50,109,125,314,229,330,324,430,416,419,390,379,362,450,462,517,554,667,653]} 1. d4 Nf6 2. c4 e6 3. Nf3 Bb4+ 4. Nbd2 b6 5. a3 Bxd2+ 6. Qxd2 Bb7 7. e3 O-O 8. Be2 d6 9. O-O a5 10. b3 Nbd7 11. Bb2 Qe7 12. Qc2 {E14: Queen's Indian: Classical Variation (4 e3)} c5 13. Nd2 {[#] LiveBook: 3 Games} (13. Rfd1 Rfd8 14. Qc3 Ne4 15. Qe1 h6 16. Nd2 Nef6 17. Nb1 cxd4 18. exd4 e5 19. Bf1 e4 {1-0 (64) Wojtaszek,R (2742)-Moiseenko,A (2698) Germany 2015}) 13... Rfd8 $146 ({Predecessor:} 13... Rfc8 14. Rac1 d5 15. Qb1 cxd4 16. exd4 a4 17. b4 dxc4 18. Nxc4 Be4 19. Bd3 Bg6 20. Bxg6 hxg6 {½-½ (27) Nyback,T (2631)-Kortschnoj,V (2567) Puhajarve 2011}) 14. f4 {White has an edge.} Rac8 15. Rae1 d5 16. Bd3 b5 17. Qb1 (17. cxb5 $11 cxd4 18. Qd1) 17... bxc4 18. bxc4 Ba6 19. cxd5 {[#]} ({White should play} 19. Rc1 $15) 19... c4 $1 $17 {[%cal Rc4d3,Bc5c4,Bc4c3][%mdl 32]} 20. d6 $2 (20. Be2 $17) 20... Qxd6 $19 21. Ne4 Nxe4 22. Bxe4 f5 23. Bf3 c3 24. Bc1 Bxf1 25. Rxf1 Nf6 26. Qb5 Nd5 27. Qxa5 Qc6 28. g4 fxg4 29. Bxg4 Ra8 30. Qc5 Qa6 31. a4 (31. Kf2 $142) 31... Rdc8 (31... Rab8 $142 {Strongly threatening ...Rb1.} 32. Qa3 Rb1) 32. Qb5 Qxb5 (32... Nf6 $17 33. Bh3 Rc4) 33. Bxe6+ $15 Kf8 34. axb5 Rd8 35. Kf2 Ra1 {[%mdl 1024] Black has compensation.} 36. Ke2 Ke7 (36... Rd6 $11 37. f5 Nc7) 37. f5 $14 {Hoping for e4.} Nf6 (37... Nc7 $14) 38. Kd3 $16 Rb8 $2 (38... Ke8 $16 39. Rg1 (39. Kxc3 Rb8 $16) 39... Nd5) 39. Bc4 ({Weaker is} 39. Kxc3 Rxb5 40. Kc2 Rb7 $11) 39... Rc8 (39... Rd8 {was called for.} 40. Kxc3 Ne4+ 41. Kb2 Ra5) 40. e4 $18 {[%cal Be3e4,Be4e5][%mdl 32]} Ra4 {[#]} 41. Bb3 $1 {[%cal Rb3a4]} Ra5 42. Rg1 Ne8 43. Bc4 c2 44. e5 {White is clearly winning.} Kf8 45. Rg2 Rc7 46. Rxc2 {Precision: White = 48%, Black = 41%.} 1-0

[Event "22nd Hogeschool Zeeland 2018"]
[Site "Vlissingen"]
[Date "2018.08.06"]
[Round "4"]
[White "Haast, Mark"]
[Black "Mesman, Edwyn"]
[Result "1-0"]
[WhiteElo "2350"]
[BlackElo "2154"]
[Annotator "NA"]
[PlyCount "57"]
[EventDate "2018.08.04"]
[EventType "swiss"]
[EventCountry "NED"]
[SourceTitle "playchess.com"]
[Source "ChessBase"]
[SourceQuality "1"]
[TimeControl "40/5400+30:1800+30"]

1. g3 {[%emt 0:00:52]} c5 {[%emt 0:00:00]} 2. Bg2 {[%emt 0:00:11]} g6 {[%emt 0:00:13]} 3. c4 {[%emt 0:00:44]} Bg7 {[%emt 0:00:16]} 4. Nc3 {[%emt 0:00:11]} Nc6 {[%emt 0:00:06]} 5. Nf3 {[%emt 0:00:36]} e6 {[%emt 0:00:09]} 6. d3 {[%emt 0:01:11]} Nge7 {[%emt 0:00:23]} 7. Bg5 {[%emt 0:00:14]} h6 {[%emt 0:11:49]} 8. Bd2 {[%emt 0:00:17]} b6 {[%emt 0:05:37]} 9. a3 {[%emt 0:02:14]} Bb7 {[%emt 0:01:40]} 10. O-O {[%emt 0:05:26]} d5 {[%emt 0:05:20]} 11. Rb1 {[%emt 0:00:43]} O-O {[%emt 0:16:18]} 12. Qc1 {[%emt 0:00:28]} Kh7 {[%emt 0:02:08]} 13. b4 {[%emt 0:00:25]} cxb4 {[%emt 0:52:31]} 14. axb4 {[%emt 0:00:55]} dxc4 {[%emt 0:00:00]} 15. dxc4 {[%emt 0:00:06]} Qc8 {[%emt 0:00:00]} 16. c5 {[%emt 0:03:51]} bxc5 {[%emt 0:00:00]} 17. bxc5 {[%emt 0:00:06]} Ba6 {[%emt 0:00:00]} 18. Rd1 {[%emt 0:16:41]} Rb8 {[%emt 0:00:00]} 19. Rxb8 {[%emt 0:01:19]} Nxb8 {[%emt 0:00:00]} 20. Qa3 {[%emt 0:03:43]} Nf5 {[%emt 0:00:00]} 21. Bf4 {[%emt 0:07:36]} Nc6 {[%emt 0:00:00]} 22. e4 {[%emt 0:07:15]} Nfd4 {[%emt 0:00:00]} 23. Nxd4 {[%emt 0:00:18]} Nxd4 {[%emt 0:00:00]} 24. Bd6 {[%emt 0:00:24]} Re8 {[%emt 0:00:00]} 25. e5 {[%emt 0:01:07]} Nc6 {[%emt 0:00:00]} 26. f4 {[%emt 0:01:11]} f6 {[%emt 0:00:00]} 27. Qa4 {[%emt 0:02:27]} Bb7 {[%emt 0:00:04]} 28. Rb1 {[%emt 0:07:35]} Ba8 {[%emt 0:00:06]} 29. Nb5 {[%emt 0:01:22]} 1-0

[Event "22nd Hogeschool Zeeland 2018"]
[Site "Vlissingen"]
[Date "2018.08.06"]
[Round "4"]
[White "Maatman, Nick"]
[Black "IJzermans, Cees"]
[Result "0-1"]
[WhiteElo "2345"]
[BlackElo "2142"]
[Annotator "TA"]
[PlyCount "72"]
[EventDate "2018.08.04"]
[EventType "swiss"]
[EventCountry "NED"]
[SourceTitle "playchess.com"]
[Source "ChessBase"]
[SourceQuality "1"]

{[%evp 15,72,19,51,-20,2,-7,-6,-14,-32,-42,70,80,89,77,60,62,120,143,136,137,199,183,166,147,150,11,18,0,0,-96,-108,-212,-205,-207,-209,-235,-224,-227,-229,-273,-162,-301,-270,-585,-520,-563,-561,-542,-540,-697,-653,-1623,-1644,-1413,-1247,-12841,-12840,-29994,-29995]} 1. d4 Nf6 2. c4 g6 3. Nc3 Bg7 4. e4 O-O 5. h3 c5 6. d5 {E70: King's Indian: Miscellaneous lines with 4 e4, including 5 Nge2 and 5 Bd3 0-0 6 Nge2} e6 7. Bd3 exd5 8. exd5 d6 {LiveBook: 13 Games} (8... a6 9. a4 a5 10. Nge2 Na6 11. Bg5 Nb4 12. Bb1 b6 13. O-O Ba6 14. Nb5 {1-0 (24) Aronian,L (2797)-Jobava,B (2727) Wijk aan Zee 2015 CBM 165 [Havasi,G]}) 9. Bf4 ({White should play} 9. Nf3 $14) 9... a6 10. Nge2 $146 ({Predecessor:} 10. a4 Qc7 11. Nf3 Re8+ 12. Kf1 Nbd7 13. g4 h5 14. g5 Nh7 15. Kg2 Ne5 16. Nxe5 dxe5 17. Be3 e4 18. Nxe4 Bxb2 19. Rb1 Bg7 20. Qd2 Bf8 {0-1 (53) Fricker,T (2150)-Arnold,L (2370) Germany 2007}) 10... Nh5 11. Bh2 f5 12. Qd2 Qf6 ({Better is} 12... b5 $15) 13. O-O-O $1 $14 b5 14. Rdg1 $36 {[%mdl 2048] aiming for g4. White is in control.} bxc4 15. Bxc4 {Hoping for g4.} f4 (15... Qe7 $1 $14) 16. g4 $1 $16 {[%cal Rg4h5]} fxg3 17. fxg3 {[%cal Bf2g3,Bg3g4][%mdl 32]} g5 (17... Nd7 $16) 18. g4 $1 $18 {[%cal Rg4h5]} Nf4 19. Nxf4 gxf4 20. Re1 (20. Ne4 $16 Qd4 21. Nxd6) 20... Nd7 $11 {[%cal Bb8d7,Bd7e5,Be5d3][%mdl 32] White must now prevent ...Ne5.} 21. Re6 Qd4 22. Bb3 (22. Re4 $11 {keeps the balance.} Qxd2+ 23. Kxd2) 22... Ne5 $1 $17 23. Rxd6 (23. Qxd4 $17 {is a better defense.} cxd4 24. Ne4) 23... Nd3+ $1 $19 24. Kb1 {[#] And now Bg1 would win.} c4 $1 {[%cal Rc4b3]} 25. Bc2 Rb8 26. Bxd3 cxd3 27. Rc6 {[#]} Bb7 (27... Bd7 $142 $1 {[%cal Rd7c6]} 28. Rc7 Ba4 29. Nxa4 Qxa4 30. Rxg7+ Kxg7 31. Qxd3 Qb4) 28. Bg1 (28. Rc7 $142) 28... Qb4 29. Rb6 $2 (29. a3 {is a better chance.} Qb3 30. Rb6 Bxc3 31. Rxb3 Bxd2 32. Rxd3) 29... Qc4 30. Rh2 Bxd5 31. Nxd5 Qxd5 32. Rxb8 Rxb8 33. Qxf4 Rf8 34. Qc1 {[#]} Bh6 $1 {[%mdl 512]} 35. Qd1 (35. Qxh6 Rf1+) 35... d2 {( -> ...Rf1!)} 36. g5 Qd3+ {Precision: White = 29%, Black = 64%.} 0-1

[Event "22nd Hogeschool Zeeland 2018"]
[Site "Vlissingen"]
[Date "2018.08.06"]
[Round "4"]
[White "Rajesh, V A V"]
[Black "Gutkind, Kedem"]
[Result "1-0"]
[WhiteElo "2325"]
[BlackElo "2099"]
[Annotator "TA"]
[PlyCount "95"]
[EventDate "2018.08.04"]
[EventType "swiss"]
[EventCountry "NED"]
[SourceTitle "playchess.com"]
[Source "ChessBase"]
[SourceQuality "1"]

{[%evp 21,95,-1,31,-23,14,2,3,0,27,41,49,50,52,46,83,77,107,64,66,73,76,68,78,70,113,113,132,125,124,117,158,135,130,126,147,147,150,150,150,150,154,133,160,150,186,191,204,195,271,263,258,245,300,224,322,325,270,81,52,40,43,53,75,78,84,77,437,466,572,566,610,595,1143,1143,2574,2303]} 1. d4 Nf6 2. c4 e6 3. Nc3 Bb4 4. e3 O-O 5. Bd3 c5 6. Nge2 d5 7. cxd5 Nxd5 8. O-O cxd4 9. exd4 Nc6 10. Nxd5 exd5 {E48: Nimzo-Indian: Rubinstein: 5 Bd3 d5 including 6 Ne2, but excluding 6 a3} 11. Nf4 Bd6 {LiveBook: 57 Games} 12. Bc2 $146 (12. Re1 $14) ({Predecessor:} 12. Re1 Qf6 13. Nxd5 Qxd4 14. Be3 Qg4 15. h3 Qxd1 16. Raxd1 Be6 17. Be4 Rad8 18. a3 Bb8 19. f4 Rfe8 20. Kf2 Bxh3 21. Bxh7+ Kxh7 22. Rh1 f5 23. Rxh3+ Kg6 24. Rhh1 Kf7 25. Kf3 {½-½ (25) Le,Q (2712)-Wei,Y (2725) Ho Chi Minh City 2017}) 12... g6 {Black has an edge.} 13. Be3 Bxf4 14. Bxf4 Qf6 15. Be3 Be6 16. Qd2 Rfc8 17. Rac1 a5 18. Ba4 Bf5 19. Rc5 Nb4 20. Rxc8+ Rxc8 21. a3 Nc6 22. Rc1 Qd8 23. Rc5 Qd6 24. Bf4 Qe6 25. Qe3 f6 26. Bb3 Ne7 27. Rxa5 Kf7 28. Qxe6+ Kxe6 29. Rb5 g5 30. Bd2 Rc7 31. f3 Bd3 32. Rb6+ Nc6 33. Bc3 f5 34. a4 {[%cal Ba3a4,Ba4a5][%mdl 32]} h5 (34... Rd7 $142 35. a5 Ke7) 35. Bd2 f4 36. a5 Kf5 37. Bc3 Nxd4 (37... Ke6 $142 38. Kf2 h4) 38. Kf2 $18 (38. Bxd5 Ne2+ 39. Kh1 Nxc3 $11) (38. Bxd4 $2 Rc1+ 39. Bd1 Rxd1+ 40. Kf2 Rf1#) (38. g4+ hxg4 39. Bxd4 gxf3 $16) 38... Re7 39. Bd1 $2 {[#]} ({And not} 39. Bxd4 Re2+ 40. Kf1 (40. Kg1 $2 {is a self mate.} Re1+ 41. Kf2 Rf1#) 40... Re8+ 41. Kf2 Re2+ 42. Kf1 (42. Kg1 $2 {leads to mate.} Re1+ 43. Kf2 Rf1#) 42... Re8+ 43. Kf2 Re2+ $11) (39. Bxd5 $18 {has better winning chances.} Re2+ 40. Kg1) 39... Nc6 $16 40. g4+ fxg3+ $1 41. hxg3 g4 42. b4 {[#] Black must now prevent a6!} d4 43. Bb2 {And now a6! would win.} Ke5 $2 {[%mdl 8192]} (43... Ne5 $16 {is a better chance.}) 44. a6 $18 {White is clearly winning.} gxf3 45. axb7 Nb8 46. Bc1 Kd5 47. Bf4 Re8 48. Bb3+ {Precision: White = 70%, Black = 25%.} 1-0